[Event "Moscow-ch (Women)"]
[Site "Moscow"]
[Date "2010.05.26"]
[Round "6"]
[White "Tereshechkina, Maya"]
[Black "Kisteneva, Elizaveta"]
[Result "1-0"]
[WhiteElo "2047"]
[BlackElo "1906"]
[PlyCount "102"]
[EventDate "2010.05.21"]
[EventType "swiss"]
[EventRounds "9"]
[EventCountry "RUS"]
[SourceTitle "CBM 136 Extra"]
[Source "ChessBase"]
[SourceDate "2010.07.02"]
[SourceVersion "2"]
[SourceVersionDate "2010.07.15"]
[SourceQuality "1"]

1. d4 d5 2. c4 e6 3. Nc3 Nf6 4. cxd5 exd5 5. Bg5 Nbd7 6. e3 Be7 7. Bd3 c6 8. Nge2 0-0 9. Qc2 Re8 10. 0-0 Nf8 11. f3 h6 12. Bh4 Ne6 13. Rad1 a6 14. Kh1 Kh8 15. a3 Nh5 16. Bf2 Bf8 17. Qc1 Qg5 18. g4 Qf6 19. Be1 Ng5 20. Bh4 Qd6 21. Bxg5 hxg5 22. gxh5 Qh6 23. Ng3 Bd6 24. Nce2 g6 25. hxg6 fxg6 26. e4 Re7 27. e5 Rh7 28. Rf2 Be7 29. f4 Bg4 30. f5 Rf8 31. f6 Bd8 32. Qc5 Rff7 33. Rdf1 b6 34. Qxc6 Bf3+ 35. Kg1 g4 36. Qe8+ Rf8 37. Qxg6 Qxg6 38. Bxg6 Rh6 39. Bf5 Bxf6 40. exf6 Rfxf6 41. Rxf3 gxf3 42. Rxf3 Rc6 43. Rc3 Rcd6 44. Re3 Kg7 45. Bd3 Kf7 46. Nf5 Rhg6+ 47. Kf2 Rd7 48. h4 Rf6 49. Kg3 Rg6+ 50. Kh3 Rf6 51. h5 Kg8 1-0

[Event "Moscow-ch (Women)"]
[Site "Moscow"]
[Date "2010.05.24"]
[Round "4"]
[White "Grabuzova, Tatiana"]
[Black "Kisteneva, Elizaveta"]
[Result "1-0"]
[WhiteElo "2347"]
[BlackElo "1906"]
[PlyCount "143"]
[EventDate "2010.05.21"]
[EventType "swiss"]
[EventRounds "9"]
[EventCountry "RUS"]
[SourceTitle "CBM 136 Extra"]
[Source "ChessBase"]
[SourceDate "2010.07.02"]
[SourceVersion "2"]
[SourceVersionDate "2010.07.15"]
[SourceQuality "1"]

1. d4 d5 2. c4 e6 3. Nf3 Nf6 4. g3 Be7 5. Bg2 c6 6. 0-0 0-0 7. Qc2 Nbd7 8. Rd1 a6 9. Nbd2 Re8 10. e4 dxe4 11. Ng5 h6 12. Ngxe4 Nxe4 13. Nxe4 Nf6 14. Bf4 Nxe4 15. Bxe4 Bg5 16. Bxg5 Qxg5 17. Qc3 Bd7 18. c5 Rad8 19. f4 Qf6 20. b4 Bc8 21. a4 Rd7 22. Rd2 Red8 23. Rad1 g6 24. Qe3 Kg7 25. Bc2 Kg8 26. Qe5 Qg7 27. Bb3 Kf8 28. Bc4 g5 29. Kf2 Kg8 30. Ke3 Kf8 31. Qxg7+ Kxg7 32. h4 g4 33. Be2 f5 34. Bf1 h5 35. Bg2 Kf6 36. Rb2 Rc7 37. b5 axb5 38. axb5 Bd7 39. bxc6 Bxc6 40. Bxc6 bxc6 41. Ra1 Ke7 42. Kd3 Rcd7 43. Rb4 Rc8 44. Kc3 Rdc7 45. Rb6 Kd7 46. Kc4 Ke7 47. Rba6 Kd7 48. R1a2 Kd8 49. Ra7 Kd7 50. Rxc7+ Rxc7 51. Ra6 Kc8 52. Ra8+ Kd7 53. Rh8 Rb7 54. Rh7+ Kc8 55. Rh6 Kd7 56. Rh7+ Kc8 57. Rxh5 Rb2 58. Rh6 Rc2+ 59. Kb4 Rb2+ 60. Ka5 Kb7 61. Rh7+ Kc8 62. Re7 Rb3 63. h5 Kd8 64. Ra7 Rxg3 65. h6 Kc8 66. h7 Kb8 67. Rg7 Rh3 68. Kb6 Rb3+ 69. Kxc6 Rh3 70. Rg8+ Ka7 71. h8Q Rxh8 72. Rxh8 1-0

[Event "Moscow-ch (Women)"]
[Site "Moscow"]
[Date "2010.05.22"]
[Round "2"]
[White "Bogumil, Tatiana"]
[Black "Kisteneva, Elizaveta"]
[Result "1/2-1/2"]
[WhiteElo "2187"]
[BlackElo "1906"]
[PlyCount "71"]
[EventDate "2010.05.21"]
[EventType "swiss"]
[EventRounds "9"]
[EventCountry "RUS"]
[SourceTitle "CBM 136 Extra"]
[Source "ChessBase"]
[SourceDate "2010.07.02"]
[SourceVersion "2"]
[SourceVersionDate "2010.07.15"]
[SourceQuality "1"]

1. Nf3 d5 2. g3 Nf6 3. Bg2 c5 4. c4 d4 5. b4 e6 6. 0-0 cxb4 7. a3 Nc6 8. d3 bxa3 9. Qa4 Bd7 10. Bxa3 Bxa3 11. Qxa3 Qe7 12. Qb2 e5 13. Qxb7 Rb8 14. Qa6 0-0 15. Ng5 Rb6 16. Qa3 Qxa3 17. Nxa3 Rb2 18. Nb5 Rxe2 19. Nxa7 Nxa7 20. Rxa7 Bf5 21. Rd1 h6 22. Nf3 Ng4 23. Bf1 Rb2 24. Rd2 Rb1 25. Kg2 Re8 26. Rda2 Bh7 27. Ra8 Rf8 28. Nd2 Rbb8 29. Rxb8 Rxb8 30. h3 Nf6 31. f3 Nd7 32. Kf2 Kf8 33. Ne4 Ke7 34. g4 Bxe4 35. fxe4 f6 36. Be2 1/2-1/2

[Event "Moscow op (Women)"]
[Site "Moscow"]
[Date "2009.02.07"]
[Round "8"]
[White "Kisteneva, Elizaveta"]
[Black "Pischurina, Ekaterina"]
[Result "0-1"]
[WhiteElo "1790"]
[BlackElo "1991"]
[PlyCount "85"]
[EventDate "2009.01.31"]
[EventType "swiss"]
[EventRounds "9"]
[EventCountry "RUS"]
[SourceTitle "EXT 2012"]
[Source "ChessBase"]
[SourceDate "2011.11.24"]
[SourceVersion "1"]
[SourceVersionDate "2011.11.24"]
[SourceQuality "1"]

1. Nf3 c5 2. c4 Nc6 3. Nc3 g6 4. g3 Bg7 5. Bg2 e6 6. b3 Nge7 7. Bb2 0-0 8. 0-0 d5 9. d3 a6 10. Qc2 d4 11. Ne4 b6 12. a3 f5 13. Ned2 Bb7 14. Ng5 Qd7 15. Rab1 h6 16. Ngf3 g5 17. h3 Ng6 18. b4 g4 19. hxg4 fxg4 20. Nh2 cxb4 21. axb4 h5 22. Ba3 Rf5 23. Ne4 Rc8 24. Rfc1 Nce5 25. Qb3 Nf7 26. c5 Bd5 27. Qb2 b5 28. Qa1 Ng5 29. Nd6 Bxg2 30. Nxf5 Qc6 31. f3 gxf3 32. exf3 Bxf3 33. Nxf3 Nxf3+ 34. Kf2 exf5 35. Qa2+ Kf8 36. Qe2 Nge5 37. Bb2 Ng4+ 38. Kf1 Nd2+ 39. Kg1 Nf3+ 40. Kf1 Re8 41. Qd1 Ne3+ 42. Kf2 Nxd1+ 43. Rxd1 0-1

[Event "Moscow op (Women)"]
[Site "Moscow"]
[Date "2009.02.01"]
[Round "2"]
[White "Kisteneva, Elizaveta"]
[Black "Grabovets, Nadezhda"]
[Result "1-0"]
[WhiteElo "1790"]
[BlackElo "1974"]
[PlyCount "69"]
[EventDate "2009.01.31"]
[EventType "swiss"]
[EventRounds "9"]
[EventCountry "RUS"]
[SourceTitle "EXT 2012"]
[Source "ChessBase"]
[SourceDate "2011.11.24"]
[SourceVersion "1"]
[SourceVersionDate "2011.11.24"]
[SourceQuality "1"]

1. Nf3 Nf6 2. d4 d5 3. c4 c6 4. Nc3 a6 5. e3 Bg4 6. Be2 e6 7. 0-0 Nbd7 8. b3 Bd6 9. Bb2 0-0 10. Qc2 Qc7 11. h3 Bf5 12. Bd3 Bxd3 13. Qxd3 Rfe8 14. e4 dxe4 15. Nxe4 Nxe4 16. Qxe4 Nf6 17. Qc2 Be7 18. Rad1 Nd7 19. Rfe1 Bf6 20. Ne5 Bxe5 21. dxe5 Rad8 22. Rd6 c5 23. Red1 Nb8 24. Qd3 Nc6 25. Qe3 Rxd6 26. exd6 Qa5 27. Qg3 Nd4 28. Bxd4 cxd4 29. Rxd4 e5 30. Rd5 Qxa2 31. d7 Qa1+ 32. Kh2 Rd8 33. Rxe5 Kf8 34. Re8+ Rxe8 35. Qd6+ 1-0

[Event "Moscow op (Women)"]
[Site "Moscow"]
[Date "2009.01.31"]
[Round "1"]
[White "Bezgodova, Svetlana"]
[Black "Kisteneva, Elizaveta"]
[Result "1-0"]
[WhiteElo "2214"]
[BlackElo "1790"]
[PlyCount "53"]
[EventDate "2009.01.31"]
[EventType "swiss"]
[EventRounds "9"]
[EventCountry "RUS"]
[SourceTitle "EXT 2012"]
[Source "ChessBase"]
[SourceDate "2011.11.24"]
[SourceVersion "1"]
[SourceVersionDate "2011.11.24"]
[SourceQuality "1"]

1. Nf3 d5 2. g3 Nf6 3. Bg2 e6 4. 0-0 Bd6 5. d3 0-0 6. Nbd2 Nbd7 7. e4 c6 8. Re1 Qc7 9. b3 c5 10. Bb2 d4 11. Nc4 Be7 12. a4 b6 13. Ba3 e5 14. Nh4 Re8 15. Nf5 Bf8 16. Qd2 a6 17. Qg5 Nb8 18. Ncd6 Bxf5 19. Nxe8 Nxe8 20. exf5 f6 21. Qh5 Nc6 22. Bd5+ Kh8 23. Re4 Nd6 24. Rh4 h6 25. Qg4 Rd8 26. Rxh6+ gxh6 27. Qg8# 1-0